Y se va la primera...!!! Conversaciones sobre la cueca. Las cuecas de la Lira Popular. Transcripción completa

Պահպանված է:
Մատենագիտական մանրամասներ
Հիմնական հեղինակներ: Navarrete Araya, Micaela (autora), Donoso F., Karen (Հեղինակ)
Ձևաչափ: Գիրք
Լեզու:իսպաներեն
Հրապարակվել է: Santiago DIBAM 2010
Santiago Lom 2010
Հրատարակություն:1a. ed
Խորագրեր:
Ցուցիչներ: Ավելացրեք ցուցիչ
Չկան պիտակներ, Եղեք առաջինը, ով նշում է այս գրառումը!

MARC

LEADER 00000cam a2200000 a 4500
001 UCC5876
003 CL-VaPUC
008 181109e20100000cl |||||||||||||||||spa|d
020 |a 9789560001962 
082 0 4 |a 793.31983  |b NAV  |2 21 
100 |a Navarrete Araya, Micaela  |e autora  |9 568345 
700 0 |a Donoso F., Karen  |e author  |9 600297 
245 1 0 |a Y se va la primera...!!! Conversaciones sobre la cueca. Las cuecas de la Lira Popular. Transcripción completa 
250 |a 1a. ed 
300 |a 318 p 
942 |c BK 
945 |d 20181109 15:19:00  |a dcastane 
260 |a Santiago  |b DIBAM  |c 2010 
260 |a Santiago  |b Lom  |c 2010 
650 0 |a Cuecas  |9 417014 
650 7 |a DANZAS CHILENAS  |2 CL-VaPUC  |9 600298 
650 0 |a Historia de la música  |9 306741 
650 0 |a Danzas folklóricas  |9 330042 
583 |a last modification  |c 20181109 15:19:00  |k Rodrigo Vera 
999 |c 372984  |d 372982 
952 |0 0  |1 0  |3 erb  |4 0  |6 793_319830000000000_NAV_2010_2010  |7 0  |8 ?  |9 490885  |a BIBEDU  |b BIBEDU  |i 551083K  |l 1  |o 793.31983 NAV 2010 2010  |p 551083K  |r 2023-11-28  |s 2023-11-28  |w 2019-11-24  |y BK  |z Catalogado en:20181109  |k MUS